Who's won the UEFA Champions League as a Player and as a Manager? - Statistics

General Stats
  • This quiz has been taken 19 times
  • The average score is 5 of 7
Answer Stats
As a Player As a Manager Answer % Correct
Real Madrid: 2001-02 Real Madrid: 2015-16, 2016-17, 2017-18 Zinedine Zidane
100%
AC Milan: 1988-89, 1989-90 AC Milan: 2002-03, 2006-07 Real Madrid: 2013-14, 2021-22, 2023-24 Carlo Ancelotti
94%
Barcelona: 1991-92 Barcelona: 2008-09, 2010-11 Manchester City: 2022-23 Pep Guardiola
94%
Ajax: 1970–71, 1971–72, 1972–73 Barcelona: 1991–92 Johan Cruyff
88%
AC Milan: 1988-89, 1989-90 Ajax: 1994-95 Barcelona; 2005-06 Frank Rijkaard
63%
AC Milan: 1962–63, 1968–69 Juventus: 1984-85 Giovanni Trapattoni
31%
Real Madrid: 1955–56, 1956–57, 1957–58 Real Madrid: 1959–60, 1965–66 Miguel Munoz
25%
No matching quizzes found
Score Distribution
Percent of People with Each Score
Percentile by Number Answered
Your Score History
You have not taken this quiz